| 000 | 00626nam a2200229 i 4500 | ||
|---|---|---|---|
| 001 | 146996 | ||
| 003 | ES-MaACL | ||
| 005 | 20250814090910.0 | ||
| 007 | t| | ||
| 008 | 070920s1952 sp ||||1| spa d | ||
| 080 | _a779.554.7(82) | ||
| 100 | 1 |
_aDarkness, R. J. _942731 |
|
| 245 | 1 | 0 |
_aCine sonoro / _cR.J. Darkness [seud.]. |
| 250 | _a1ª ed. | ||
| 260 |
_aBarcelona : _bBruguera, _c1952. |
||
| 300 |
_a262 p. : _bil. ; _c19 cm. |
||
| 490 | 1 | _aTécnica al día | |
| 650 | 0 | 7 |
_aCinematografía _2embne _911038 |
| 830 | 0 |
_aTécnica al día _9187437 |
|
| 852 |
_aES-MaACL _jD-8268 _bR.33005 |
||
| 999 |
_c146996 _d146996 |
||